|
|
|
|
| LEADER |
00671cam a2200169 7i4500 |
| 001 |
0000032029 |
| 005 |
20150805090000.0 |
| 020 |
0 |
0 |
|a 9781782540908
|
| 090 |
0 |
0 |
|a WESA 330.9174927
|b ECO
|
| 245 |
0 |
4 |
|a The Economic and political aftermath of the Arab spring :
|b perspectives from Middle East and North African Countries.
|
| 260 |
0 |
0 |
|a Cheltenham:
|b Edward Elgar Publishing,
|c 2014.
|
| 300 |
# |
# |
|a 235 pages.
|
| 651 |
0 |
0 |
|a Arab countries --
|x Economic conditions --
|y 21st century
|
| 651 |
0 |
0 |
|a Arab countries --
|x Politics and government --
|y 21st century
|
| 700 |
1 |
0 |
|a Altomonte, Carlo
|
| 700 |
1 |
0 |
|a Ferrara, Massimiliano
|
| 999 |
|
|
|a B000035754
|b Book
|c Regions
|e Business Information Centre
|